| 000 | 00711nam a2200241Ia 4500 | ||
|---|---|---|---|
| 003 | OSt | ||
| 005 | 20220925215410.0 | ||
| 006 | a|||||r|||| 00| 0 | ||
| 007 | ta | ||
| 008 | 220923b |||||||| |||| 00| 0 eng d | ||
| 037 | _cGeneral Book | ||
| 040 |
_aRTL _cRTL _beng |
||
| 041 |
_2eng _aeng |
||
| 082 | _aX:934.3s, J4/GD | ||
| 110 |
_aGreat Britain. Labour and national service (M/O-) _9281675 |
||
| 245 | 0 | _aTime rates of wages and hours of labour | |
| 260 |
_aLondon _bHMSO UK _c1954 |
||
| 490 | _v1951 | ||
| 650 |
_aWages _9229845 |
||
| 700 |
_aGreat Britain. Labour and national service (M/O-) _9281676 |
||
| 942 |
_hX:934.3s, J4/GD _cGB _2CC |
||
| 999 |
_c568703 _d568703 |
||